Регионална библиотека "Любен Каравелов" - Русе

Минерали и скали (Запис номер 52392)

MARC детайли
000 -Лидер
Контролно поле с фиксирана дължина 01752nam a2200433 c 4500
003 - Код на организацията, давaща контролен номер
Контролно поле BLK
005 - Дата и час на последна редакция
Контролно поле 20241202165044.0
008 - Елементи от данни с фиксирана дължина
fixed length control field 180408b bul|||||r ||||||| ||bul||
010 ## - Наследен системен номер
LC control number KNG00056316000
020 ## - Международен стандартен номер на книга ISBN
Международен стандартен номер на книга ISBN 954-308-079-8
040 ## - Източник на каталожния запис
Идентификатор на билиотеката - собственик на записа BLK
041 ## - Код за език
Код за езика на текст/звукозапис или на отделно заглавие Български
Код за езика КДБФ Български
080 ## - УДК
Текстов определител УДК Описателна минералогия. Специално минералознание
УДК код - определител по УДК 549
УДК - код + определител 549
080 ## - УДК
Текстов определител УДК Петрография. Петрология. Вж и 553
УДК код - определител по УДК 552
УДК - код + определител 552
100 1# - Редна дума - Автор
Автор Pellant, Chris
Авторска отговорност първи автор
R(LIN) 20882
139 ## - Редно поле
Редна дума Пелант, Крис
Авторски знак Пеи - П 33
245 10 - Сведения за заглавието
Заглавие Минерали и скали
Редно поле (дума) * Крис Пелант; Chris Pellant; прев. Доряна Стефанова Петрова.
257 ## - Страна на издаване
Страна на създаване/издаване Великобритания
260 ## - Област на издателските данни
Име на издателя, разпространителя и проч. Прес
Година на издаване 2004
Печатница Пловдив : Делта+
300 ## - Физическа характеристика
Страници 32 с.
Илюстрации и др. с цв. ил.
Размери/Мащаб 28 см
380 ## - Жанр
Жанр Детска отраслова лит.
490 ## - СЕРИИ (Колекции)
Име на серия Искам всичко да знам
№: серия 15
9 (RLIN) 201509
500 ## - Общи забележки
Забележка Ориг. загл. Fossils, Rocks and Mineral / Chris Pelant. - Авт. отбелязан на гърба на загл. с. - Офс. изд. - Съдържа и Тест. - Предм. показалец.
650 #4 - Допълнително описание по предмет – тема
Основно описание – тема или топоним Минерали
9 (RLIN) 162237
650 #4 - Допълнително описание по предмет – тема
Основно описание – тема или топоним Скали
9 (RLIN) 171016
653 ## - Ключова дума – ненормативна
Ключова дума минерали
653 ## - Ключова дума – ненормативна
Ключова дума скали
653 ## - Ключова дума – ненормативна
Ключова дума литература за деца
653 ## - Ключова дума – ненормативна
Ключова дума детска литература
700 1# - Други автори (авторска отговорност)
Лично име Пелант, Крис
Автороска отговорност (Описва отношението между автора и произведението) *
9 (RLIN) 107855
700 1# - Други автори (авторска отговорност)
Лично име Петрова, Доряна Стефанова
Автороска отговорност (Описва отношението между автора и произведението) прев.
9 (RLIN) 284199
852 ## - Местоположение
Форматна сигнатура Цб ІІ 13425
856 4# - Електронен адрес и достъп
Електронен формат pdf - файл
856 4# - Електронен адрес и достъп
Електронен формат pdf - файл
999 ## - СИСТЕМНИ КОНТРОЛНИ НОМЕРА
Koha biblionumber 52392
Koha biblioitemnumber 52392
942 ## - АРТИКУЛИ
Вид на библиотечния материал Книги
Скрит в OPAC Не
Koha issues (borrowed), all copies 9
Периодичен библиозапис Да
944 ## - СЪЗДАВАНЕ И РЕДАКЦИЯ на ЗАПИСА
Създаване/Редакция Създаване
Дата на регистрацията/редакция 31.10.2005
Служител, извършил регистрацията/редакцията 30576
Статус, дата на статуса Цветомила Тодорова
944 ## - СЪЗДАВАНЕ И РЕДАКЦИЯ на ЗАПИСА
Създаване/Редакция Редакция
Дата на регистрацията/редакция 28.07.2006
999 ## - СИСТЕМНИ КОНТРОЛНИ НОМЕРА
Koha biblioitemnumber 52392
Наличности
Код за отписване Код за изгубен артикул Код за повреда Коз за рестрикции Код за отдаване Артикулен № Име на библиотеката - собственик Име на библиотеката, в която се намира в момента Статус (Текущо местоположение) Дата на вписване в системата Местоположение - отдел Цена в лева Инвентарен номер Систематично азбучна сигнатура Баркод Номер на екземпляра Цена в евро Служебна бележка Служебен тип на артикула
  Не е изгубен Не е повреден без рестрикции ползва се в читалня 82388 Регионална библиотека "Любен Каравелов" Русе Регионална библиотека "Любен Каравелов" Русе Хранилище 2005-10-31 Хранилище 4.00 120000697713 Цб ІІ 13425 120000697713 1 2.05 Дост: Dp Вид: Д N: 45 Дата: 20.10.2004 Книги
  Не е изгубен Не е повреден без рестрикции заемане за дома 82389 Регионална библиотека "Любен Каравелов" Русе Регионална библиотека "Любен Каравелов" Русе Детски отдел 2006-07-28 Детски отдел 4.00 120000704024 Д 54/П 33 120000704024 2 2.05 Дост: Pk Вид: Ф N: 42656 Дата: 26.07.2006 Дата инв: 19.08.2015 Бележки инв: Д2015 Книги
Vip Innovations Ltd, Rousse, Bulgaria 2025